000 00514nam a22001937a 4500
999 _c7184
_d7184
003 OSt
005 20210908161759.0
008 210908b ||||| |||| 00| 0 eng d
020 _a0415418283
040 _cDDC
082 _a355.4 FUT
_b2007
100 _aEdited by:Andrew, Blowers: Chris,Hamnett: Philip,Sarre
_914774
245 _aThe Future of cities.
260 _aNew York:
_bRoutledge;
_c1974
300 _a355p.:
_bill:
_c24cm.
504 _aIncludes Index.
650 _aCities
_914775
942 _2ddc
_cBOOK